Welcome to Marium Abdulla Library

Embrace knowledge with a breath of fresh air.

Browse Collection

Marium Abdulla Library

Holy Quran: (Record no. 9671)

MARC details
000 -LEADER
fixed length control field 00369nam a2200169Ia 4500
001 - CONTROL NUMBER
control field 9887
005 - DATE AND TIME OF LATEST TRANSACTION
control field 20250626030257.0
008 - FIXED-LENGTH DATA ELEMENTS--GENERAL INFORMATION
fixed length control field 211022s9999 xx 000 0 und d
082 ## - DEWEY DECIMAL CLASSIFICATION NUMBER
Classification number 297.1226 SID
100 ## - MAIN ENTRY--PERSONAL NAME
Personal name Siddiqui, Abdul Hameed (Tr)
245 #0 - TITLE STATEMENT
Title Holy Quran:
260 ## - PUBLICATION, DISTRIBUTION, ETC.
Place of publication, distribution, etc. Lahore
260 ## - PUBLICATION, DISTRIBUTION, ETC.
Name of publisher, distributor, etc. Islamic Book Centre
260 ## - PUBLICATION, DISTRIBUTION, ETC.
Date of publication, distribution, etc. 1977
300 ## - PHYSICAL DESCRIPTION
Extent
942 ## - ADDED ENTRY ELEMENTS (KOHA)
Koha item type Book
Holdings
Date last seen Total checkouts Full call number Barcode Price effective from Koha item type Lost status Damaged status Not for loan Collection Withdrawn status Home library Current library Shelving location Date acquired Source of acquisition Cost, normal purchase price
10/26/2021   297.1226 SID 9887 10/26/2021 Book       Textile   Marium Abdulla Library Marium Abdulla Library Non-Ref 02/10/2011 Shehnaz Ismail 2500.00